00876nam a22002417a 450000500170000001000130001702000230003003500130005303700160006604000120008208200080009410000210010224501160012326000470023927000440028630000240033050000400035465000350039465000350042994200220046499900190048695201290050520170124105913.0 aA-715541 c350.00a8185972710 aA-715541 bCen Lib/Ret aDPLbEN a920 aKohli,A.B.91279 aFirst citizens of India Dr. Rajendra Prasad to Dr. Shanker Dayal Sharmacby A.B.Kohlibprofile and bibliography aNew DelhibReliance Publishing Housec1995 a3026/7H,Ranjit NagarbNew Delhie110008 axi, 305p.c22cm(Hb) aIncludes bibliographical reference  aIndian PresidentszIndia91280 aIndian Political leaders91281 2ddccENh920mKOH c122636d122636 001040718REFaLbLd2015-05-28eCen Lib/Retg350.00l0o920 KOHpA-715541r2015-05-28 00:00:00t1v350.00w2015-05-28yEN